Kamu yönetiminde yeniden yapılanma (Record no. 6825)

MARC details
000 -BAŞLIK
Sabit Uzunlukta Kontrol Alanı 00666na a2200229 4500
001 - KONTROL NUMARASI
Denetim Alanı 18704
003 - KONTROL NUMARASI IDENTIFIER
Denetim Alanı MIRAKIL
005 - SON İŞLEM TARİHİ VE ZAMANI
Denetim Alanı 20181213155121.0
008 - SABİT-BOY VERİ ELEMANLARI - GENEL BİLGİLER
Sabit Uzunlukta Kontrol Alanı 170116b tu 000 0
035 ## - SİSTEM KONTROL NUMARASI
Sistem Kontrol Numarası 18704
040 ## - KATALOGLAMA KAYNAK
Orijinal Kataloglama Ajansı Milas
Kataloglama Dili tur
Metne Dönüştürmek Ajansı TR-AnCHP
041 ## - DİL KODU
Metin / Ses Parça Veya Ayrı Başlığın Dil Kodu tur
082 ## - DEWEY ONLU SINIFLANDIRMA NUMARASI
Sınıflandırma Numarası 350.561
-- T84k 1994
090 ## - SINIFLAMA NUMARASI
Sınıflama Numarası 350.561 T84k 1994
100 ## - ANA GİRİŞ - KİŞİSEL İSİM
Kişisel Ad Tulum, Cahit
245 ## - BAŞLIK TABLOSU
Başlık Kamu yönetiminde yeniden yapılanma
Sorumluluk Tablosu, Vb Cahit Tulum
260 ## - YAYIN, DAĞITIM, VB
Yayın, Dağıtım, Vb Yeri [Ankara]
Yayıncı, Dağıtıcı, Vs Adı Toplumsal, Ekonomik, Siyasal Araştırmalar Vakfı
Yayın, Dağıtım, Vb Tarihi 1994
300 ## - FİZİKSEL TANIM
Kapsam 160 s.
Boyutlar 20 sm.
490 ## - SERİSİ TABLOSU
Seri Beyanı Toplumsal, Ekonomik, Siyasal Araştırmalar Vakfı
Hacim / Ardışık Tanımı 3
650 ## - KONU KATMA GİRİŞ - TOPİKAL DÖNEM
Topikal Süreli Veya Coğrafi Ad Giriş Elemanı Kamu yönetimi
Coğrafi Alt Bölümü Türkiye
942 ## - EKLENDİ GİRİŞ ELEMANLARI (KOHA)
Sınıflandırma Veya Raf Düzeni Kaynak Dewey Decimal Classification
Koha Öğesi Türü Books
999 ## - SİSTEM KONTROL NUMARALARI (KOHA)
Koha Biblionumber 6825
Koha Biblioitemnumber 6825
Holdings
Kalıcı Konum Mevcut Konum Edinme Tarihi Edinim Kaynak Toplam Check-Out'Lar Tam Çağrı Numarası Barkod Tarih Son Görülme İtibaren Geçerli Fiyatlar Koha Öğesi Türü Kopya Sayısı
CHP Kütüphanesi CHP Kütüphanesi 11/24/2016 Bağış   350.561 T84k 1994 009691 11/24/2016 11/24/2016 Books  
CHP Kütüphanesi CHP Kütüphanesi 12/14/2016 Bağış   350.561 T84k 1994 010681 12/14/2016 12/14/2016 Books k.2